Microsoft exchange server 5.5 series-concepts and administration workbook: (Record no. 61987)

000 -LEADER
fixed length control field 00457nam a2200169 4500
003 - CONTROL NUMBER IDENTIFIER
control field NUST-PNEC
005 - DATE AND TIME OF LATEST TRANSACTION
control field 20170116180736.0
008 - FIXED-LENGTH DATA ELEMENTS--GENERAL INFORMATION
fixed length control field 141126b xxu||||| |||| 00| 0 eng d
040 ## - CATALOGING SOURCE
Transcribing agency PNEC
082 ## - DEWEY DECIMAL CLASSIFICATION NUMBER
Classification number 005.112 MIC
100 ## - MAIN ENTRY--PERSONAL NAME
9 (RLIN) 1046
Personal name Microsoft
245 ## - TITLE STATEMENT
Title Microsoft exchange server 5.5 series-concepts and administration workbook:
260 ## - PUBLICATION, DISTRIBUTION, ETC.
Place of publication, distribution, etc. USA :
Name of publisher, distributor, etc. Microsoft,
Date of publication, distribution, etc. c1997
300 ## - PHYSICAL DESCRIPTION
Extent 119 p. :
Dimensions 30 cm.
650 ## - SUBJECT ADDED ENTRY--TOPICAL TERM
General subdivision Computer, MIS
942 ## - ADDED ENTRY ELEMENTS (KOHA)
Source of classification or shelving scheme
Koha item type Book
Holdings
Withdrawn status Lost status Source of classification or shelving scheme Damaged status Not for loan Permanent Location Current Location Shelving location Date acquired Source of acquisition Cost, normal purchase price Total Checkouts Full call number Barcode Date last seen Cost, replacement price Price effective from Koha item type
          Pakistan Navy Engineering College (PNEC) Pakistan Navy Engineering College (PNEC)   07/28/1999 Donated 599.00   005.112 MIC PNECLIB-020953 11/26/2014 599.00 07/28/1999 Book
© 2023 Central Library, National University of Sciences and Technology. All Rights Reserved.